|
|
|
|
| LEADER |
00000nab a2200000 a 4500 |
| 001 |
vtls009471931 |
| 003 |
SK-MaSNL |
| 005 |
20260304151149.0 |
| 008 |
250506c2008 xo |||||||||||000 b|slo |
| 015 |
|
|
|a SNBRB2009/02
|2 snkbucl
|
| 035 |
|
|
|a (uuid)1ac2dc55-9e22-4f96-9ce6-788afb836398
|
| 035 |
|
|
|a urn:nbn:sk:snk-ab141w
|
| 035 |
|
|
|a (urnnbn)urn:nbn:sk:snk:ar-a03my4
|
| 038 |
|
|
|a SNKBUCL
|
| 040 |
|
|
|a SNKBUCL
|b slo
|c SNKBUCL
|e AACR2
|
| 041 |
0 |
|
|a slo
|
| 044 |
|
|
|a xo
|c SK
|
| 080 |
|
|
|a 628.4.042:061.3
|x (4)
|2 2001
|
| 100 |
1 |
|
|a Darcová, Katarína
|4 aut
|9 1472441
|
| 245 |
1 |
0 |
|a Bioremediácia lokalít (území) kontaminovaných nebezpečnými perzistentnými látkami
|c Katarína Darcová
|
| 300 |
|
|
|b Fotogr.
|
| 611 |
2 |
7 |
|a Európska bioremediačná konferencia
|n (4. :
|d 2008 :
|c Chania, Grécko)
|2 snkbucl
|9 1472442
|
| 650 |
0 |
7 |
|a bioremediácia
|2 snkbucl
|9 27297
|
| 773 |
0 |
|
|t Odpady
|g Roč. 8, č. 11 (2008), s. 12-13
|x 1335-7808
|
| 850 |
|
|
|a Slovenská národná knižnica
|
| 852 |
|
|
|a Slovenská národná knižnica
|
| 954 |
|
|
|a odborná, vedecká literatúra pôvodná (slovenská)
|2 lita
|
| 958 |
|
|
|a article2022
|
| 958 |
|
|
|a OND
|
| 958 |
|
|
|a EUIPO
|
| 999 |
|
|
|c 2941919
|d 2943849
|